Livestock Guardian Dogs of the Middle East and Caucasus - Statistics

General Stats
  • This quiz has been taken 9 times
  • The average score is 3 of 12
Answer Stats
Picture Answer % Correct
Turkish Kangal
100%
Alabai (Central Asian Shepherd)
50%
Caucasian Ovcharka
50%
Anatolian Shepherd
33%
Armenian Gampr
17%
Boz Shepherd
17%
Afghan Kuchi
0%
Akbaş
0%
Aksaray Malaklı
0%
Kars Shepherd
0%
Sarabi
0%
Volkodav
0%
No matching quizzes found
Score Distribution
Percent of People with Each Score
Percentile by Number Answered
Your Score History
You have not taken this quiz